000
00250nam a2200109Ia 4500
008
220204s9999 xx 000 0 und d
082
_a
92IND
_b
BRI
100
_a
Bright, J S
245
0
_a
Indira Gandhi
260
_a
Delhi
_b
Newlight
_c
1984
942
_c
BK
999
_c
38784
_d
38784